| 000 | 00365nam a2200157Ia 4500 | ||
|---|---|---|---|
| 008 | 230312s9999||||xx |||||||||||||| ||und|| | ||
| 020 | _a81-8448-924-8 | ||
| 082 |
_a614.4 _bBHA-E |
||
| 100 | _aBhattacharya,Susmita | ||
| 245 | 0 | _aEpidemiology | |
| 260 |
_bJaypee _aIndia _c2010 |
||
| 300 | _a128 | ||
| 546 | _aEng. | ||
| 650 |
_aMedical _vEpidemiology |
||
| 942 | _cBK | ||
| 999 |
_c6519 _d6519 |
||